| 000 | 00636nam a2200229Ia 4500 | ||
|---|---|---|---|
| 003 | BUBTL | ||
| 008 | 151213s9999 xx 000 0 und d | ||
| 020 | _a978-0-07-312574-9 | ||
| 082 |
_a301 _bSCS |
||
| 100 | _aRichard T. Schaefer | ||
| 245 |
_aSociology _cRichard T. Schaefer |
||
| 250 | _a10th | ||
| 260 |
_aBoston _bMcGrawHill. _c2007 |
||
| 300 |
_a[xxxiv] , 542p . : _bill , Graph , Table ; 22cm . _cSociology . |
||
| 500 | _aIncludes Index . | ||
| 650 | _asocial Science | ||
| 650 | _aSociology | ||
| 700 | _aRichard T. Schaefer | ||
| 856 |
_k0 _l0 _yDownload |
||
| 942 |
_2ddc _cBK |
||
| 999 |
_c5012 _d5012 |
||